000 00954nam a22003137a 4500
001 000561
003 DO-SdBPM
005 20250616074137.0
007 000561
008 161018b1998 sp |||| 00| 0 spa d
020 _a8439287224
040 _aDO-SdBPM
_bspa
_cBPMSU
_erda
082 4 _a833.91
_bM899m 1998
_222
100 1 _aMoser, Erwin,
_d1954-
245 1 0 _aManuel y Didí :
_by el gato de nieve /
_cErwin Moser
250 _a 2a. ed.
264 _aMadrid :
_bEditorial Norma,
_c1990
300 _a46 páginas :
_bilustraciones ;
_c20 cm.
336 _atexto
_btxt
_2rdacontent
337 _asin mediación
_bn
_2rdamedia
338 _avolumen
_bnc
_2rdacarrier
490 0 _aGabiota-Junior
_v
500 _a A partir de los 6 años
590 _aInventariado, 2025/VM
650 4 _aCuentos infantiles austríacos
650 4 _aRatones
_vCuentos infantiles
910 _aVMateo V. Control de calidad. BPMSU
942 _2ddc
_cBK
999 _c15175
_d15175